ARRUPE JESUIT UNIVERSITY

CORONAVIRUS -STOP THE SPREAD - CLEAN,DISINFECT,COVER

Translating the Devil : (Record no. 124640)

MARC details
000 -LEADER
fixed length control field 01136cam a22003134a 4500
001 - CONTROL NUMBER
control field 2158633
003 - CONTROL NUMBER IDENTIFIER
control field ARRUPE
005 - DATE AND TIME OF LATEST TRANSACTION
control field 20160415104749.0
008 - FIXED-LENGTH DATA ELEMENTS--GENERAL INFORMATION
fixed length control field 990623s1999 njuab b 001 0 eng
010 ## - LIBRARY OF CONGRESS CONTROL NUMBER
LC control number 99037739
020 ## - INTERNATIONAL STANDARD BOOK NUMBER
International Standard Book Number 0865437971 (hb)
020 ## - INTERNATIONAL STANDARD BOOK NUMBER
International Standard Book Number 086543798X (pbk.)
040 ## - CATALOGING SOURCE
Original cataloging agency DLC
Transcribing agency DLC
Modifying agency DLC
042 ## - AUTHENTICATION CODE
Authentication code pcc
043 ## - GEOGRAPHIC AREA CODE
Geographic area code f-gh---
050 00 - LIBRARY OF CONGRESS CALL NUMBER
Classification number BR1463.G5
Item number M49 1999
082 00 - DEWEY DECIMAL CLASSIFICATION NUMBER
Classification number 276.67
Edition number 21
300 ## - PHYSICAL DESCRIPTION
Other physical details col. ill., maps ;
Dimensions 23 cm.
100 1# - MAIN ENTRY--PERSONAL NAME
Personal name Meyer, Birgit.
9 (RLIN) 23909
245 10 - TITLE STATEMENT
Title Translating the Devil :
Remainder of title religion and modernity among the Ewe in Ghana /
Statement of responsibility, etc Birgit Meyer.
260 ## - PUBLICATION, DISTRIBUTION, ETC. (IMPRINT)
Place of publication, distribution, etc Trenton, NJ :
Name of publisher, distributor, etc Africa World Press,
Date of publication, distribution, etc 1999.
300 ## - PHYSICAL DESCRIPTION
Extent xxvi, 265 p. :
504 ## - BIBLIOGRAPHY, ETC. NOTE
Bibliography, etc Includes bibliographical references (p. [241]-260) and index.
650 #0 - SUBJECT ADDED ENTRY--TOPICAL TERM
Topical term or geographic name as entry element Ewe (African people)
Geographic subdivision Ghana
-- Peki
General subdivision Religion.
9 (RLIN) 23910
650 #0 - SUBJECT ADDED ENTRY--TOPICAL TERM
Topical term or geographic name as entry element Devil
General subdivision History of doctrines
Chronological subdivision 20th century.
9 (RLIN) 23911
651 #0 - SUBJECT ADDED ENTRY--GEOGRAPHIC NAME
Geographic name Peki (Ghana)
General subdivision Church history.
9 (RLIN) 23912
906 ## - LOCAL DATA ELEMENT F, LDF (RLIN)
a 7
b cbc
c orignew
d 1
e ocip
f 19
g y-gencatlg
942 ## - ADDED ENTRY ELEMENTS (KOHA)
Source of classification or shelving scheme Library of Congress Classification
Koha item type Monograph ( Printed materials)
Holdings
Withdrawn status Lost status Source of classification or shelving scheme Damaged status Not for loan Collection code Home library Current library Shelving location Date acquired Total Checkouts Full call number Barcode Date last seen Date checked out Price effective from Koha item type
    Library of Congress Classification     Main Collection ARRUPE LIBRARY ARRUPE LIBRARY Main Collection 15/04/2016 1 BR1463.G5 M49 1999 46500006553 05/01/2017 20/12/2016 15/04/2016 Monograph ( Printed materials)

 

Arrupe Library. PO Box MP320 Mt Pleasant, Harare, Zimbabwe
263 242 745411|librarian@aju.ac.zw